LEADER 00972nam0-2200349---450- 001 990008868270403321 005 20090623112047.0 010 $a88-420-7464-0 035 $a000886827 035 $aFED01000886827 035 $a(Aleph)000886827FED01 035 $a000886827 100 $a20090623d2006----km-y0itay50------ba 101 0 $aita 102 $aIT 105 $ay-------001yy 200 1 $aGuerra$ftesti di Machiavelli ... [et al.]$ga cura di Carlo Galli 205 $a2. ed 210 $aRoma [etc.]$cGLF Editori Laterza$d2006 215 $aXXVIII, 238 p.$d22 cm 225 1 $aBiblioteca di cultura moderna$v1172 610 0 $aGuerra 676 $a172.42$v21$zita 702 1$aGalli,$bCarlo$f<1950- > 702 1$aMachiavelli,$bNiccolò$f<1469-1527> 801 0$aIT$bUNINA$gRICA$2UNIMARC 901 $aBK 912 $a990008868270403321 952 $aCollez. 13 (1172)$b43817$fFSPBC 959 $aFSPBC 996 $aGuerra$9278439 997 $aUNINA LEADER 00977nam0-22003251i-450- 001 990005612580403321 005 20080627125751.0 010 $a965-223-397-8 035 $a000561258 035 $aFED01000561258 035 $a(Aleph)000561258FED01 035 $a000561258 100 $a19990604d1982----km-y0itay50------ba 101 0 $aeng 102 $aIL 105 $ay-------001yy 200 1 $a<>history of the Hebrew language$fEduard Yechezkel Kutscher$gedited by Raphael Kutscher 210 $aJerusalem$cThe Magnes Press, The Hebrew University$cE.J. Brill$d1982 215 $aXXX, 306 p.$d25 cm 610 0 $aLingua ebraica$aStoria 676 $a492.4 700 1$aKutscher,$bEduard Yechezkel$0216562 702 1$aKutscher,$bRaphael 801 0$aIT$bUNINA$gRICA$2UNIMARC 901 $aBK 912 $a990005612580403321 952 $a492.4 KUT 1$bBIBL. 57976$fFLFBC 959 $aFLFBC 996 $aHistory of the Hebrew language$9603284 997 $aUNINA LEADER 01772nam--2200409---450- 001 990006175900203316 005 20161028110017.0 010 $a978-88387-6056-X 035 $a000617590 035 $aUSA01000617590 035 $a(ALEPH)000617590USA01 035 $a000617590 100 $a20161028d2011----km-y0itay50------ba 101 1$aita$ceng 102 $aIT 105 $aa---||||001yy 200 1 $aDisegno (e) in_formazione$edisegno politecnico$ddrawing (and) information$epolytechnic drawing$fresponsabile della ricerca Giorgio Garzino 210 $aSantarcangelo di Romagna$cMaggioli$dcopyr. 2011 215 $a321 p.$cill.$d22 cm 225 2 $aPolitecnica$iSaggi$eArchitettura, Ingegneria, Scienze$v458 300 $aIn testa al front.: Politecnico di Torino, Dipartimento di Ingegneria dei sistemi edilizi e territoriali 300 $aTesto anche in inglese 300 $aContiene gli esiti della ricerca: "Green building information modelling, modelli parametrici tridimensionali per la progettazione sostenibile in campo edilizio, sistemi innovativi per la certificazione energetica e ambientale applicata all'edilizia sociale piemontese" 410 0$12001$aPolitecnica$iSaggi$eArchitettura, Ingegneria, Scienze 606 0 $aProgettazione architettonica$xRappresentazione grafica$xImpiego [delle] Tecniche digitali$2BNCF 676 $a720.2840285 702 1$aGARZINO,$bGiorgio 801 0$aIT$bsalbc$gISBD 912 $a990006175900203316 951 $a720.284 DIS$b1567 Crd.$c720$d00331611 959 $aBK 969 $aCRD 979 $aPAOLA$b90$c20161028$lUSA01$h1052 979 $aPAOLA$b90$c20161028$lUSA01$h1054 979 $aPAOLA$b90$c20161028$lUSA01$h1100 996 $aDisegno (e) in_formazione$91394175 997 $aUNISA